K-pop: tripleS Members - Images - Statistics

General Stats
  • This quiz has been taken 77 times
  • The average score is 20 of 24
Answer Stats
Picture Answer % Correct
ChaeWon
98%
YooYeon
96%
NaKyoung
92%
SoHyun
92%
SeoYeon
88%
ChaeYeon
87%
Kotone
87%
Nien
87%
HyeRin
85%
DaHyun
83%
Xinyu
83%
JiYeon
81%
SeoAh
81%
HaYeon
79%
JiWoo
79%
Kaede
77%
Mayu
77%
ShiOn
77%
YeonJi
77%
JooBin
75%
Lynn
75%
SooMin
75%
YuBin
75%
Sullin
71%
No matching quizzes found
Score Distribution
Percent of People with Each Score
Percentile by Number Answered
Your Score History
You have not taken this quiz